[Event "TCh-FIN 2009-10"]
[Site "Finland FIN"]
[Date "2009.09.19"]
[Round "1"]
[White "Halmeenmaki,T"]
[Black "Franssila,T"]
[Result "1/2-1/2"]
[WhiteElo "2161"]
[BlackElo "2265"]

1.Nf3 c5 2.g3 b6 3.Bg2 Bb7 4.O-O Nf6 5.c4 e6 6.b3 Be7 7.Bb2 O-O 8.Nc3 d5
9.e3 dxc4 10.bxc4 Nc6 11.d3 Rc8 12.Qe2 Rc7 13.Rfd1 Qa8 14.Ne1 Rd8 15.f4 Rcd7
16.g4 Nb4 17.Bxb7 Qxb7 18.a3 Nc6 19.g5 Ne8 20.Ne4 Nd6 21.Nxd6 Rxd6 22.h4 Bf8
23.h5 Qe7 24.Nf3 Qd7 25.Ne1 Re8 26.Nf3 Rd8 27.Ne1 Qe8 28.Nf3 Qd7  1/2-1/2

[Event "TCh-ROU w Superliga"]
[Site "Eforie Nord ROU"]
[Date "2009.09.20"]
[Round "2"]
[White "Plass,M"]
[Black "Jackova,J"]
[Result "1/2-1/2"]
[WhiteElo "2127"]
[BlackElo "2393"]

1.Nf3 Nf6 2.g3 b6 3.Bg2 Bb7 4.O-O e6 5.c4 c5 6.Nc3 Be7 7.d4 cxd4 8.Qxd4 d6
9.Rd1 a6 10.e4 Nbd7 11.b3 Qc8 12.Bb2 O-O 13.Rac1 Rd8 14.Ne1 Qc7 15.Qe3 Rac8
16.Nd3 Qb8 17.Qe2 Qa8 18.a4 Nc5 19.Nxc5 bxc5 20.Rd3 Rb8 21.Rcd1 Bc6 22.Nd5 exd5
23.exd5 Bxd5 24.cxd5 Re8 25.Re3 Kf8 26.Re1 Ng8 27.Qd2 Qb7 28.Bf1 Rec8 29.Bh3 Rc7
30.Bc3 Bf6 31.Qe2 g6 32.Bf1 Bxc3 33.Rxc3 Re7 34.Re3 Rxe3 35.Qxe3 Qxd5 36.Bc4 Qf5
37.Bxa6 Nf6 38.Bd3 Qd7 39.Bb5 Qf5 40.Bd3 Qh3 41.Bf1 Qd7 42.Bb5 Qc7 43.Qc3 Ng8
44.Bc4 Qd8 45.Qd3 Ne7 46.Rd1 Nf5 47.Qd5 Qe7 48.a5 Rb7 49.a6 Ra7 50.Kf1 Qf6  1/2-1/2

[Event "17th TCh-Eur"]
[Site "Novi Sad SRB"]
[Date "2009.10.25"]
[Round "4"]
[White "Dizdarevic,E"]
[Black "Morrison,G SCO"]
[Result "1-0"]
[WhiteElo "2483"]
[BlackElo "2353"]

1.Nf3 Nf6 2.g3 b6 3.Bg2 Bb7 4.O-O e6 5.c4 c5 6.Nc3 a6 7.d4 cxd4 8.Qxd4 d6
9.Bg5 Nbd7 10.Qd2 Be7 11.Bf4 Qc7 12.Rfd1 e5 13.Bg5 O-O 14.Rac1 Rfe8 15.b3 Rad8
16.Nh4 g6 17.Bxb7 Qxb7 18.Ng2 b5 19.Bxf6 Nxf6 20.Ne3 bxc4 21.Ncd5 Nxd5 22.Nxd5 Rc8
23.bxc4 Rc6 24.Rb1 Qa7 25.Rb4 Rec8 26.Rdb1 Bd8 27.Rb7 Qd4 28.Qxd4 exd4 29.Rd7 Rxc4
30.Rbb7 Ra4 31.Rxf7 g5 32.Rg7+ Kh8 33.Rxh7+ Kg8 34.Rbg7+ Kf8 35.h4 d3 36.exd3 g4
37.Nf4  1-0

[Event "8th TCh-Eur w"]
[Site "Novi Sad SRB"]
[Date "2009.10.28"]
[Round "7"]
[White "Sop,S"]
[Black "Carlsen,E"]
[Result "1-0"]
[WhiteElo "1930"]
[BlackElo "1904"]

1.c4 Nf6 2.Nf3 e6 3.g3 b6 4.Bg2 Bb7 5.O-O c5 6.Nc3 Be7 7.d4 cxd4 8.Qxd4 O-O
9.Bf4 Nc6 10.Qd2 d5 11.cxd5 exd5 12.Rfd1 Bb4 13.Bg5 Bxc3 14.Qxc3 Ne4 15.Qxc6 Bxc6
16.Bxd8 Raxd8 17.Rac1 Ba8 18.Rc7 Rc8 19.Rdc1 Nd6 20.Nd4 Nc4 21.Rxa7 Nxb2
22.Rcc7 h6 23.Nf5 Rxc7 24.Rxc7 Kh7 25.Nd6 Na4 26.Nxf7 Nc5 27.Nd6 Ne6 28.Rc8 g5
29.Rxf8 Nxf8 30.Nc8 Nd7 31.Bh3 Nf6 32.Nxb6 Bc6 33.Bf5+ Kg7 34.a4 Kf7 35.a5 Ne8
36.Bd7 Bxd7 37.Nxd7 Nc7 38.Kg2 Ke7 39.Nc5 Kd6 40.Nb3 Ke5 41.Kf3 h5 42.h3 Na6
43.Ke3 Ke6 44.Kd4 Kd6 45.f4 gxf4 46.gxf4 Nb4 47.e4 Nc6+ 48.Ke3 dxe4 49.Kxe4 Ke7
50.Kf5 Kf7 51.Kg5 Ke6 52.f5+ Kf7 53.a6 Kg7 54.Nc5 Kf7 55.Ne4  1-0

[Event "IV Open"]
[Site "Bogota COL"]
[Date "2009.11.02"]
[Round "8"]
[White "Sanabria Rangel,S"]
[Black "Renteria,J"]
[Result "1-0"]
[WhiteElo "2187"]
[BlackElo "2248"]

1.Nf3 c5 2.c4 Nf6 3.g3 b6 4.Bg2 Bb7 5.O-O e6 6.d4 cxd4 7.Qxd4 d6 8.Nc3 a6
9.Rd1 Nbd7 10.Ng5 Bxg2 11.Kxg2 Qc7 12.Nge4 b5 13.Nxd6+ Bxd6 14.Qxd6 Qxc4
15.Bg5 Qc5 16.Ne4 Qxd6 17.Nxd6+ Ke7 18.Rac1 Rhd8 19.Rc7 Kf8 20.Bxf6 Nxf6
21.Rxf7+ Kg8 22.Re7  1-0

[Event "13th OIBM"]
[Site "Bad Wiessee GER"]
[Date "2009.11.06"]
[Round "8"]
[White "Meins,G"]
[Black "Berchtenbreiter,M"]
[Result "1/2-1/2"]
[WhiteElo "2484"]
[BlackElo "2230"]

1.Nf3 Nf6 2.c4 e6 3.g3 b6 4.Bg2 Bb7 5.O-O c5 6.Nc3 Be7 7.Re1 O-O 8.e4 d6
9.d4 cxd4 10.Nxd4 Qc8 11.b3 a6 12.Bb2 Nbd7 13.Rc1 Qb8 14.Qe2 Rc8 15.Nc2 Bf8
16.Red1 Ra7 17.Nd4 Nc5 18.Re1 Ba8 19.Rcd1 Rac7 20.Ba1 Bb7 21.Bb2  1/2-1/2

[Event "FSIM December"]
[Site "Budapest HUN"]
[Date "2009.12.08"]
[Round "4"]
[White "Stigar,P"]
[Black "Denisov,I"]
[Result "1/2-1/2"]
[WhiteElo "2269"]
[BlackElo "2241"]

1.Nf3 Nf6 2.c4 b6 3.g3 c5 4.Bg2 Bb7 5.O-O e6 6.Nc3 Be7 7.d4 cxd4 8.Qxd4 d6
9.Rd1 a6 10.b3 O-O 11.e4 Nbd7 12.Ba3 Nc5 13.e5 dxe5 14.Qxd8 Rfxd8 15.Nxe5 Bxg2
16.Kxg2 Bf8 17.Bxc5 Bxc5 18.Na4 Kf8 19.Nxc5 bxc5 20.Kf3 Ke8 21.h3 Nd7 22.Nxd7 Rxd7
23.Rxd7 Kxd7 24.Ke4 a5 25.Rd1+  1/2-1/2

[Event "16th Open A"]
[Site "Zadar CRO"]
[Date "2009.12.16"]
[Round "5"]
[White "Stojanovic,Andj"]
[Black "Dimitrov,R"]
[Result "1/2-1/2"]
[WhiteElo "2329"]
[BlackElo "2380"]

1.Nf3 Nf6 2.c4 e6 3.g3 b6 4.Bg2 Bb7 5.O-O c5 6.Nc3 Be7 7.d4 cxd4 8.Qxd4 Nc6
9.Qf4 O-O 10.Rd1 d6 11.b3 Qb8 12.Ba3 Rd8 13.e4 a6 14.Bb2 Qc7 15.Rac1 Ne5
16.Nd4 Rac8 17.Qd2 Qb8 18.f4 Ned7 19.Qe2 Bf8 20.f5 exf5 21.Nxf5 g6 22.Nd5 Bxd5
23.exd5 gxf5 24.Rf1 Bh6 25.Rxf5 Bxc1 26.Bxc1 Re8 27.Bh6 Re5 28.Qf3 Qc7 29.Rxf6 Qc5+
30.Kf1 Qd4 31.Bh3 Nxf6 32.Bxc8 Qa1+ 33.Kg2 Qxa2+ 34.Kf1 Qb1+ 35.Kg2 Qc2+
36.Kf1 Qb1+ 37.Kg2 Qc2+ 38.Kf1 Qb1+ 39.Kg2  1/2-1/2

[Event "Tata Steel TCh-Asia"]
[Site "Kolkata IND"]
[Date "2009.12.24"]
[Round "3"]
[White "Nguyen Ngoc Truong Son"]
[Black "Satyapragyan,S"]
[Result "1-0"]
[WhiteElo "2616"]
[BlackElo "2480"]

1.Nf3 Nf6 2.g3 b6 3.Bg2 Bb7 4.O-O e6 5.c4 c5 6.Nc3 Be7 7.d4 cxd4 8.Qxd4 d6
9.Bg5 a6 10.Bxf6 Bxf6 11.Qd3 Be7 12.Rfd1 Nd7 13.Ne4 d5 14.cxd5 Bxd5 15.Nc3 Bc6
16.Rac1 Ra7 17.Nd4 Bxg2 18.Kxg2 Qa8+ 19.Qf3 Qxf3+ 20.exf3 Bc5 21.Ne4 Ra8
22.a3 Be7 23.Rc7 Nf6 24.Nc6 Bc5 25.b4 Nxe4 26.fxe4 Bf8 27.Rdd7  1-0

[Event "Schachtuerken-Cup A"]
[Site "Paderborn GER"]
[Date "2009.12.27"]
[Round "1"]
[White "Schebler,G"]
[Black "Tscheuschner,T"]
[Result "1-0"]
[WhiteElo "2486"]
[BlackElo "2045"]

1.Nf3 c5 2.c4 Nf6 3.g3 b6 4.Bg2 Bb7 5.O-O e6 6.Nc3 a6 7.b3 Be7 8.Bb2 O-O
9.e3 d5 10.d3 dxc4 11.bxc4 Qc7 12.Qe2 Rd8 13.Ne1 Bxg2 14.Nxg2 Qc6 15.a4 Qd7
16.Rad1 Nc6 17.f4 Nb4 18.g4 Ra7 19.f5 Qc6 20.g5 Ne8 21.f6 gxf6 22.gxf6 Bxf6
23.Rxf6 Nxf6 24.Nb5 axb5 25.Bxf6 Rda8 26.Qg4+ Kf8 27.d4 Qd6 28.dxc5 Qxc5
29.axb5 Nc2 30.Qg7+ Ke8 31.Qh8+ Qf8 32.Qxh7 Ra2 33.Qd3  1-0

[Event "XIX Magistral"]
[Site "Pamplona ESP"]
[Date "2009.12.28"]
[Round "8"]
[White "Meier,Geo"]
[Black "Reinaldo Castineira,R"]
[Result "1-0"]
[WhiteElo "2653"]
[BlackElo "2488"]

1.Nf3 Nf6 2.c4 e6 3.g3 b6 4.Bg2 Bb7 5.O-O c5 6.Nc3 Be7 7.d4 cxd4 8.Qxd4 d6
9.Bg5 a6 10.Bxf6 Bxf6 11.Qf4 O-O 12.Rad1 Be7 13.Ne4 Bxe4 14.Qxe4 Ra7 15.Nd4 Rd7
16.Bh3 Bf6 17.Nxe6 Re7 18.Nxd8 Rxe4 19.Nb7 Rxe2 20.b4 Rxa2 21.Rxd6 Rc2 22.Rxb6 Rxc4
23.Na5 Rd4 24.Rc1 Be7 25.Rb1 Rfd8 26.b5 axb5 27.R1xb5 Ra4 28.Bf5 g6 29.Bc2 Ra1+
30.Kg2 Nd7 31.Rb7 Bf6 32.Nc6 Rc8 33.Rxd7 Rxc6 34.Bb3 Kg7 35.Rxf7+ Kh6 36.Rbb7 Kg5
37.h4+ Kf5 38.Rb5+  1-0

[Event "85th Masters"]
[Site "Hastings ENG"]
[Date "2009.12.29"]
[Round "2"]
[White "Obiamiwe,P"]
[Black "Moore,Gi"]
[Result "1/2-1/2"]
[WhiteElo "2046"]
[BlackElo "1901"]

1.Nf3 Nf6 2.c4 b6 3.g3 Bb7 4.Bg2 e6 5.O-O c5 6.Nc3 Nc6 7.b3 d5 8.cxd5 exd5
9.d4 Be7 10.Ba3 O-O 11.e3 Re8 12.Rc1 Nb4 13.dxc5 bxc5 14.Qd2 Ne4 15.Nxe4 dxe4
16.Qxd8 Raxd8 17.Ne5 a5 18.Bxb4 axb4 19.Rfd1 f5 20.Bf1 Kf8 21.Bb5 Rxd1+ 22.Rxd1 Ra8
23.Rd2 Bc8 24.Bd7 Bxd7 25.Nxd7+ Ke8 26.Nb6 Rd8 27.Rxd8+ Kxd8 28.Kf1 Bd6 29.Nc4 Kc7
30.Ke2 Kc6 31.Kd2 g5 32.h3 h5 33.Ke2 Kd5 34.Kf1 Kc6  1/2-1/2

[Event "ch-NZL"]
[Site "Auckland NZL"]
[Date "2010.01.03"]
[Round "2"]
[White "Stuart,P"]
[Black "Barlow,M"]
[Result "1/2-1/2"]
[WhiteElo "2041"]
[BlackElo "2161"]

1.c4 c5 2.Nf3 b6 3.g3 Bb7 4.Bg2 e6 5.O-O Nf6 6.Nc3 Be7 7.d4 cxd4 8.Qxd4 O-O
9.Rd1 d6 10.b3 Nbd7 11.e4 a6 12.Ba3 Nc5 13.e5 dxe5 14.Qxd8 Rfxd8 15.Nxe5 Bxg2
16.Kxg2 Rdc8 17.f4 Kf8 18.Bxc5 Bxc5 19.Na4 b5 20.Nxc5 Rxc5 21.Rac1 bxc4 22.Rxc4 Rxc4
23.Nxc4 Nd5 24.Kf3 Ke7 25.Ne3 Nc3  1/2-1/2

[Event "15th Open"]
[Site "Bosnjaci CRO"]
[Date "2010.01.04"]
[Round "3"]
[White "Bosnjak,N"]
[Black "Pap,M"]
[Result "0-1"]
[WhiteElo "2208"]
[BlackElo "2521"]

1.Nf3 c5 2.g3 b6 3.Bg2 Bb7 4.O-O Nf6 5.c4 e6 6.b3 Be7 7.Bb2 O-O 8.Nc3 a6
9.d4 cxd4 10.Nxd4 Bxg2 11.Kxg2 d6 12.Qd3 Qc8 13.Qf3 Ra7 14.Rfd1 Rc7 15.Ne4 Ne8
16.h4 h6 17.Qe3 Qb7 18.Kg1 b5 19.cxb5 axb5 20.Qd3 d5 21.Nd2 Nd6 22.Rdc1 Rfc8
23.Rxc7 Rxc7 24.Rc1 Rxc1+ 25.Bxc1 Bf8 26.N2f3 Nd7 27.Qc2 Ne4 28.Nd2 Nec5
29.Bb2 b4 30.N4f3 Qa6 31.Kf1 Qxa2 32.Ke1 Nf6 33.Ne5 Nfe4 34.Nxe4 dxe4 35.Kd1 Nxb3
36.Nd7 Nc5 37.Nxf8 Qd5+ 38.Qd2 Kxf8 39.Qxd5 exd5 40.Be5 Nb7 41.Kc2 f6 42.Bd4 Ke7
43.Kb3 Na5+ 44.Ka4 Nc6 45.Bc5+ Ke6 46.e3 h5 47.Bxb4 Ne5 48.Kb3 Nd3 49.Bf8 g6  0-1

[Event "22nd Open"]
[Site "Staufer GER"]
[Date "2010.01.05"]
[Round "8"]
[White "Pokrupa,M"]
[Black "Kniest,O"]
[Result "1-0"]
[WhiteElo "2169"]
[BlackElo "2322"]

1.c4 e6 2.Nf3 c5 3.g3 b6 4.Bg2 Bb7 5.O-O Nf6 6.Nc3 Be7 7.d4 cxd4 8.Qxd4 d6
9.Bg5 a6 10.Bxf6 Bxf6 11.Qf4 Ra7 12.Rfd1 Be7 13.Ne4 Bxe4 14.Qxe4 O-O 15.a4 Rc7
16.b3 Nc6 17.Rab1 Qb8 18.Qd3 Rfc8 19.b4 h6 20.b5 axb5 21.axb5 Na5 22.Nd4 Rxc4
23.Nc6 Qc7 24.Nxe7+ Qxe7 25.Qxd6 Qxd6 26.Rxd6 Rc1+ 27.Rxc1 Rxc1+ 28.Bf1 Rb1
29.e3 Nc4 30.Rd8+ Kh7 31.Kg2 Rc1 32.Rd4 Na3 33.Rd6 Nc2 34.Bd3+ g6 35.Bxc2 Rxc2
36.Rxb6 h5 37.Rc6 Rb2 38.b6 Kg7 39.Kf3 Kf6 40.h4 g5 41.hxg5+ Kxg5 42.Rc7 f5
43.b7 e5 44.Kg2 e4 45.Rd7 Rb1 46.f4+ exf3+ 47.Kxf3 Rb4 48.Ke2 Rb3 49.Rg7+ Kf6
50.Rh7 Kg6 51.Rc7 Kg5 52.Rg7+ Kf6 53.Rd7 Kg5 54.Kd2 Kg4 55.Kc2 Rb6 56.Rg7+ Kf3
57.Kd3 Rd6+ 58.Kc4 Rb6 59.Kc5 Rb1 60.Kc6 Kxe3 61.Rg5 Rc1+ 62.Kd7 Rd1+ 63.Kc7 Rc1+
64.Kb8 Ke4 65.Rxh5 Rc3 66.Rg5 Ra3 67.Rg6 Kf3 68.Kc7  1-0

[Event "ch-NZL"]
[Site "Auckland NZL"]
[Date "2010.01.08"]
[Round "7"]
[White "Watson,B"]
[Black "Croad,N"]
[Result "1/2-1/2"]
[WhiteElo "2270"]
[BlackElo "2271"]

1.c4 c5 2.Nf3 b6 3.g3 Bb7 4.Bg2 Nf6 5.O-O e6 6.Nc3 a6 7.d4 cxd4 8.Qxd4 d6
9.Rd1 Qc7 10.Bf4 e5 11.Nxe5 Bxg2 12.Nxf7 Kxf7 13.Kxg2 Nbd7 14.Kg1 Rc8 15.b3 Qc5
16.Bxd6 Qxd4 17.Rxd4 Bxd6 18.Rxd6 Ke7 19.Rad1 Rhd8 20.e4 b5 21.e5 Nxe5 22.Rxd8 Rxd8
23.Re1 Kd6 24.Rd1+ Kc7 25.Rxd8 Kxd8 26.cxb5 a5 27.f4 Neg4 28.h3 Ne3 29.Kf2 Nfd5
30.Nxd5 Nxd5 31.Kf3 Nb4 32.a4 Nd3 33.Ke3 Nc5 34.Kd4 Nxb3+ 35.Kd5 Kc7 36.f5 Kb6
37.g4 Nc5 38.g5 Nxa4 39.h4 Kc7 40.h5 Nb6+ 41.Ke6 a4 42.f6 gxf6 43.gxf6 a3
44.f7 Nd7 45.b6+ Kc8 46.b7+ Kxb7 47.Kxd7 a2 48.f8=Q a1=Q 49.Qc8+  1/2-1/2

[Event "2nd Kirov Memorial Open"]
[Site "Blagoevgrad BUL"]
[Date "2010.01.12"]
[Round "3"]
[White "Drenchev,P"]
[Black "Vrban,R"]
[Result "1-0"]
[WhiteElo "2477"]
[BlackElo "2005"]

1.Nf3 Nf6 2.c4 b6 3.g3 e6 4.Bg2 Bb7 5.O-O c5 6.Nc3 Be7 7.Re1 d6 8.e4 Nbd7
9.d4 cxd4 10.Nxd4 a6 11.e5 dxe5 12.Nxe6 fxe6 13.Bxb7 Ra7 14.Bg2 O-O 15.Bh3 Bc5
16.Bxe6+ Kh8 17.Be3 Qe7 18.Bd5 Bxe3 19.Rxe3 Qb4 20.a3 Qc5 21.Qe2 Rc7 22.Rd1 g6
23.b4 Qd6 24.f4 Nxd5 25.Nxd5  1-0

[Event "IMB3"]
[Site "Marianske Lazne CZE"]
[Date "2010.01.17"]
[Round "2"]
[White "Steiner,B"]
[Black "Jurek,J"]
[Result "1-0"]
[WhiteElo "2180"]
[BlackElo "2343"]

1.Nf3 Nf6 2.c4 b6 3.g3 c5 4.Bg2 Bb7 5.O-O e6 6.Nc3 Be7 7.Re1 d5 8.cxd5 exd5
9.d4 O-O 10.dxc5 bxc5 11.Qb3 Qb6 12.Ne5 Rd8 13.e4 Qxb3 14.axb3 d4 15.Nd5 Nxd5
16.exd5 Bxd5 17.Bxd5 Rxd5 18.Nc4 Nc6 19.Nb6 Rad8 20.Nxd5 Rxd5 21.Rxa7 Bf8
22.Ra8 Ne5 23.Kf1 d3 24.f4 Nd7 25.Rd8 d2 26.Bxd2 Rxd2 27.Ree8 Rd4 28.b4 g5
29.bxc5 gxf4 30.Rxf8+ Kg7 31.c6 fxg3 32.Rg8+ Kf6 33.hxg3  1-0

[Event "IMB3"]
[Site "Marianske Lazne CZE"]
[Date "2010.01.21"]
[Round "7"]
[White "Kolesar,Mil"]
[Black "Jurek,J"]
[Result "0-1"]
[WhiteElo "2211"]
[BlackElo "2343"]

1.Nf3 Nf6 2.c4 b6 3.g3 c5 4.Bg2 Bb7 5.O-O e6 6.Nc3 Be7 7.d4 cxd4 8.Qxd4 d6
9.b3 O-O 10.Rd1 Nbd7 11.Ba3 Nc5 12.b4 Ncd7 13.b5 Nc5 14.Bxc5 bxc5 15.Qd3 Qc7
16.Ng5 Bxg2 17.Kxg2 Rad8 18.e4 Qb7 19.Kg1 Ng4 20.Nh3 f5 21.Rac1 Bf6 22.exf5 Bd4
23.Qe4 Qxe4 24.Nxe4 Rxf5 25.Rc2 Re5 26.Neg5 Rf8 27.Kg2 Bxf2  0-1

[Event "ch-UKR b18"]
[Site "Kyiv UKR"]
[Date "2010.01.28"]
[Round "4"]
[White "Bagiryan,Vigen"]
[Black "Linker,M"]
[Result "1-0"]
[WhiteElo "2069"]
[BlackElo "1933"]

1.Nf3 Nf6 2.c4 e6 3.g3 b6 4.Bg2 Bb7 5.O-O c5 6.Nc3 Be7 7.d4 cxd4 8.Nxd4 Bxg2
9.Kxg2 Nc6 10.Nxc6 dxc6 11.Qa4 Qc7 12.Bf4 Qb7 13.Rfd1 O-O 14.Bd6 b5 15.Qb3 c5+
16.f3 Bxd6 17.Rxd6 Qe7 18.Rad1 b4 19.Na4 Rac8 20.Qe3 Nd5 21.R6xd5 Qb7 22.Rd7 Qc6
23.b3 e5 24.R1d6 Qa8 25.Qxe5 Rfe8 26.Qb2 Re3 27.Qd2 Rce8 28.Rd8  1-0

[Event "TCh-Eur Seniors"]
[Site "Dresden GER"]
[Date "2010.02.12"]
[Round "3"]
[White "Lechtynsky,J"]
[Black "Rosen,W"]
[Result "1/2-1/2"]
[WhiteElo "2393"]
[BlackElo "2287"]

1.Nf3 Nf6 2.c4 e6 3.g3 b6 4.Bg2 Bb7 5.O-O c5 6.Nc3 Be7 7.d4 Ne4 8.Qd3 Nxc3
9.bxc3 d6 10.d5 exd5 11.cxd5 O-O 12.c4 Bf6 13.Rb1 Na6 14.Bf4 Nb4 15.Qd2 Re8
16.a3 Na6 17.Rfe1 Bc8 18.e4 Bg4 19.e5 Bxf3 20.Bxf3 dxe5 21.d6 Rb8 22.Be3 Qd7
23.Qd5  1/2-1/2

[Event "TCh-Eur Seniors"]
[Site "Dresden GER"]
[Date "2010.02.17"]
[Round "8"]
[White "Sloth,J"]
[Black "Pritchett,C"]
[Result "1/2-1/2"]
[WhiteElo "2300"]
[BlackElo "2303"]

1.Nf3 c5 2.c4 Nf6 3.g3 b6 4.Bg2 Bb7 5.O-O e6 6.Nc3 Be7 7.d4 cxd4 8.Qxd4 O-O
9.Rd1 d6 10.Nb5 Nc6 11.Qd3 d5 12.Bf4 Rc8 13.Ne5 Nxe5 14.Bxe5 Nd7 15.Bf4 Nc5
16.Qe3 Bf6 17.Qa3 Be7 18.cxd5 exd5 19.Be3 Qe8 20.Nd4 Qd7 21.Rab1 a5 22.Qc3 Ba6
23.Qe1 Rfd8  1/2-1/2

[Event "TCh-Eur Seniors"]
[Site "Dresden GER"]
[Date "2010.02.17"]
[Round "8"]
[White "Norman,K"]
[Black "Wiemer,J"]
[Result "1/2-1/2"]
[WhiteElo "2172"]
[BlackElo "2136"]

1.Nf3 c5 2.c4 b6 3.g3 Bb7 4.Bg2 Nf6 5.O-O e6 6.Nc3 Be7 7.d4 cxd4 8.Qxd4 Nc6
9.Qf4 Qb8 10.e4 d6 11.b3 O-O 12.Bb2 Ne5 13.Rad1 Ng6 14.Qe3 Rd8 15.h3  1/2-1/2

[Event "18th Fajr Open"]
[Site "Mashhad IRI"]
[Date "2010.02.23"]
[Round "6"]
[White "Harutjunyan,G"]
[Black "Hosseinipour,M"]
[Result "0-1"]
[WhiteElo "2475"]
[BlackElo "2207"]

1.Nf3 Nf6 2.g3 b6 3.Bg2 Bb7 4.c4 c5 5.O-O e6 6.Nc3 Be7 7.Re1 d6 8.e4 Nbd7
9.d4 cxd4 10.Nxd4 Qc7 11.Be3 Rc8 12.f4 Qb8 13.b3 a6 14.Rc1 O-O 15.g4 Nc5
16.Bf2 Qa8 17.Qe2 g6 18.Bf3 Rfd8 19.g5 Ne8 20.Bg4 Ng7 21.h4 Bf8 22.h5 Re8
23.hxg6 fxg6 24.b4 Nd7 25.Qd3 Re7 26.Qh3 Rce8 27.f5 exf5 28.exf5 Rxe1+ 29.Rxe1 Rxe1+
30.Bxe1 Qe8 31.Bf2 gxf5 32.Nxf5 Ne5 33.Nh6+ Kh8 34.Nd5 Bxd5 35.cxd5 Qg6 36.Bd4 Be7
37.Qc3 Bxg5 38.Qc8+ Ne8 39.Nf5 Bf6 40.Nxd6 Qxg4+ 41.Qxg4 Nxg4 42.Nxe8 Bxd4+
43.Kg2 Ne3+ 44.Kf3 Nxd5 45.Ke4 Nf6+  0-1

[Event "ch-IND National Teams"]
[Site "Gurgaon IND"]
[Date "2010.02.25"]
[Round "6"]
[White "Narayanan,K"]
[Black "Kunte,A"]
[Result "0-1"]
[WhiteElo "2220"]
[BlackElo "2528"]

1.Nf3 Nf6 2.c4 b6 3.g3 c5 4.Bg2 Bb7 5.O-O e6 6.b3 Be7 7.Bb2 O-O 8.d3 d5 9.Nbd2 d4
10.b4 Nbd7 11.Rb1 e5 12.Ba3 Qc7 13.Qb3 Rfe8 14.Ne1 Bxg2 15.Nxg2 Rad8 16.Qa4 e4
17.dxe4 cxb4 18.Bb2 Nc5 19.Qc2 Qc6 20.f3 d3 21.exd3 Nxd3 22.Nb3 Nxb2 23.Rxb2 Nd7
24.Ne3 Bc5 25.Nxc5 Qxc5 26.Qf2 Ne5 27.Rb3 Rd4  0-1

[Event "Reykjavik Open"]
[Site "Reykjavik ISL"]
[Date "2010.03.02"]
[Round "8"]
[White "Harika,D"]
[Black "Hillarp Persson,T"]
[Result "1-0"]
[WhiteElo "2471"]
[BlackElo "2581"]

1.Nf3 e6 2.c4 c5 3.g3 b6 4.Bg2 Bb7 5.O-O Nf6 6.Nc3 a6 7.Re1 d6 8.e4 Nbd7
9.d4 cxd4 10.Nxd4 Qc7 11.Be3 Be7 12.f4 O-O 13.g4 g6 14.Rc1 Nc5 15.Bf2 h5
16.h3 hxg4 17.hxg4 Rfe8 18.b4 Rad8 19.Qe2 Ncd7 20.g5 Nh5 21.Qg4 Bf8 22.Nde2 Rc8
23.Nd1 Bg7 24.Ne3 Qb8 25.Ng3 Nxg3 26.Qxg3 b5 27.cxb5 axb5 28.Ng4 Rxc1 29.Rxc1 Rc8
30.Rd1 Rc3 31.Nh6+ Kf8 32.Qg4 Rc4 33.Qe2 d5 34.f5 exf5 35.exf5 Qe5 36.Qxe5 Bxe5
37.Bxd5 Rc7 38.Bxb7 Rxb7 39.f6 Rc7 40.Bb6 Rb7 41.Bc5+  1-0

[Event "26th Budapest Spring Festival"]
[Site "Budapest HUN"]
[Date "2010.03.23"]
[Round "4"]
[White "Sanchez,Lo"]
[Black "Cox,Tr"]
[Result "1-0"]
[WhiteElo "2232"]
[BlackElo "2106"]

1.Nf3 c5 2.c4 Nf6 3.g3 b6 4.Bg2 Bb7 5.O-O e6 6.Nc3 a6 7.d4 cxd4 8.Qxd4 d6
9.Rd1 Nbd7 10.Bg5 Qc7 11.b3 Be7 12.Qd2 O-O 13.Bf4 Ne8 14.Rac1 Rc8 15.Qe3 Qb8
16.Ne4 Ba8 17.Qd3 Nc5 18.Nxc5 bxc5 19.e4 Nf6 20.Bxd6 Bxd6 21.Qxd6 Nxe4 22.Qxb8 Rxb8
23.Rd7 Bc6 24.Ra7 Ra8 25.Rc7 Nf6  1-0

[Event "ch-VIE"]
[Site "Ho Chi Minh City VIE"]
[Date "2010.03.26"]
[Round "1"]
[White "Nguyen Thanh Son"]
[Black "Vo Dai Hoai Duc"]
[Result "0-1"]
[WhiteElo "2440"]
[BlackElo "2180"]

1.Nf3 c5 2.c4 Nf6 3.g3 b6 4.Bg2 Bb7 5.O-O e6 6.Nc3 Be7 7.b3 O-O 8.Bb2 d6
9.d4 cxd4 10.Qxd4 a6 11.Rfd1 Nbd7 12.Ne1 Bxg2 13.Nxg2 Qc7 14.Ne3 Ne5 15.Rac1 Qb7
16.a4 Rac8 17.f3 Rfd8 18.Kg2 h5 19.h3 Nc6 20.Qd3 Ne5 21.Qb1 h4 22.Ne4 Nh5
23.Bxe5 dxe5 24.Nf1 f5 25.Nf2 Bd6 26.e4 hxg3 27.Nxg3 Nxg3 28.Kxg3 Qe7 29.h4 Bc5
30.Nh3 Be3 31.Rxd8+ Rxd8 32.Rd1 g6 33.Rxd8+ Qxd8 34.Qc2 Qd4 35.Kg2 Kf7 36.h5 gxh5
37.exf5 Qd2+ 38.Qxd2 Bxd2 39.fxe6+ Kxe6 40.Nf2 a5 41.Ne4 Be3 42.Kg3 Kf5 43.Nd6+ Kf6
44.Ne4+ Kf5 45.Nd6+ Kg6 46.Ne4 Bd4 47.Kg2 Kf5 48.Kg3 Bc5 49.Nc3 h4+ 50.Kg2 Bd4
51.Ne2 Be3 52.Nc3 Bc5 53.Ne4 Kf4 54.Nd2 Be3 55.c5 Bxc5 56.Kh3 Be7 57.Kg2 Bc5
58.Kh3 Be3 59.Nc4 Bd4 60.Kg2 h3+ 61.Kxh3 Kxf3 62.Nd2+  0-1

[Event "21st Pobeskydi Arcelor Mittal Cup"]
[Site "Frydek-Mistek CZE"]
[Date "2010.04.04"]
[Round "8"]
[White "Zadrapa,R"]
[Black "Langnerova,K"]
[Result "1/2-1/2"]
[WhiteElo "2068"]
[BlackElo "1880"]

1.c4 Nf6 2.Nf3 c5 3.g3 b6 4.Bg2 Bb7 5.O-O e6 6.Qa4 Be7 7.a3 Bc6 8.Qc2 O-O
9.b3 d6 10.Nc3 Nbd7 11.e3 d5 12.d3 a6 13.Bb2 Qc7 14.cxd5 Nxd5 15.Nxd5 Bxd5
16.e4 Bb7 17.Rac1 Rac8 18.Rfd1 Qb8 19.Qe2 Bf6 20.d4 cxd4 21.Rxc8 Rxc8 22.Nxd4 Nc5
23.b4 Na4 24.Ba1 Nc3 25.Bxc3 Rxc3 26.e5 Be7 27.Bxb7 Qxb7 28.Qb2 Qc7 29.f4 g6
30.Rd2 Rc1+ 31.Kf2 Qc4 32.Re2 Rd1  1/2-1/2

[Event "Open"]
[Site "Thessaloniki GRE"]
[Date "2010.04.09"]
[Round "7"]
[White "Arduman,C"]
[Black "Grigorov,G"]
[Result "1/2-1/2"]
[WhiteElo "2331"]
[BlackElo "2510"]

1.Nf3 Nf6 2.c4 e6 3.g3 b6 4.Bg2 Bb7 5.O-O c5 6.Nc3 Be7 7.d4 cxd4 8.Qxd4 d6
9.Rd1 a6 10.Bg5 Nbd7 11.Qd2 O-O 12.Bf4 Ne8 13.Bg5 Nef6 14.Bf4 Ne8 15.Bg5 Ndf6
16.Ne1 Bxg2 17.Nxg2 Qc7 18.b3 Qb7 19.Qd3 Rd8 20.Rac1 h6 21.Bf4 Rc8 22.Qf3 Qb8
23.Ne1 b5 24.cxb5 axb5 25.Qd3 b4 26.Na4 e5 27.Be3 Rxc1 28.Rxc1 d5 29.Bc5 Bxc5
30.Rxc5 Nd6 31.Nc2 Nde4 32.Rb5 Qa7 33.e3 Ng5 34.Qf5 Qa6 35.Rc5 Qe2 36.Kg2 Nge4
37.Nxb4 Nxc5 38.Nxc5 Qb5 39.Nba6 Ne4 40.a4 Qc6 41.b4 Nxc5 42.Nxc5 Rb8 43.Nd7 d4+
44.e4 Rd8 45.Nxe5 Qe8 46.Nd3 Qxa4 47.e5 Qc6+ 48.Qf3 Qb6 49.Qe4 Rc8 50.Nf4 Rd8
51.Nd3 Qa6 52.h4 Qc4 53.h5 Qa6  1/2-1/2

[Event "IV Open"]
[Site "La Laguna ESP"]
[Date "2010.04.10"]
[Round "7"]
[White "Barlov,D"]
[Black "Strikovic,A"]
[Result "1/2-1/2"]
[WhiteElo "2487"]
[BlackElo "2544"]

1.c4 c5 2.Nf3 Nf6 3.g3 b6 4.Bg2 Bb7 5.O-O e6 6.Nc3 Ne4 7.Nxe4 Bxe4 8.d3 Bb7
9.d4 cxd4 10.Qxd4 Nc6 11.Qg4  1/2-1/2

[Event "ch-SRB"]
[Site "Kragujevac SRB"]
[Date "2010.04.18"]
[Round "1"]
[White "Bogosavljevic,B"]
[Black "Damljanovic,B"]
[Result "1-0"]
[WhiteElo "2531"]
[BlackElo "2550"]

1.Nf3 c5 2.c4 Nf6 3.g3 b6 4.Bg2 Bb7 5.O-O e6 6.Nc3 a6 7.Re1 d6 8.e4 Be7 9.d4 cxd4
10.Nxd4 Qc7 11.Be3 O-O 12.Rc1 Nbd7 13.f4 Rfe8 14.Bf2 Bf8 15.Qe2 e5 16.Nf5 Rac8
17.Qd2 g6 18.Ne3 Qb8 19.Bh3 Bg7 20.b3 Rcd8 21.Ned5 exf4 22.gxf4 Nc5 23.Bg2 Nxd5
24.Nxd5 Bxd5 25.cxd5 a5 26.Bh4 Bh6 27.Rc3 Rc8 28.Rh3 Bg7 29.Qf2 Qc7 30.Bg5 Nd7
31.Kh1 f6 32.Bh6 Nf8 33.Bxg7 Kxg7 34.Qh4 Qe7 35.Bf3 f5 36.Qh6+ Kg8 37.e5 Qg7
38.Qxg7+ Kxg7 39.Bg2 Nd7 40.Rhe3 Kf8 41.Bf3 Nc5 42.h4 Rcd8 43.e6 Re7 44.a3 Rc8
45.Rc1 Rec7 46.Rg1 Ke7 47.h5 Kf6 48.Kh2 Na6 49.Be2 Rc2 50.Rg2 Nc7 51.Bf3 Ne8
52.b4 R2c3 53.Rge2 a4 54.Kg3 R8c4 55.Re1 Ke7 56.hxg6 hxg6 57.Bd1 Nf6 58.Bf3 Rb3
59.Rxb3 axb3 60.Re3 g5 61.Rxb3 g4 62.Bh1 Rc1 63.Kh2 Nh5 64.a4 Rc2+ 65.Kg1 Nxf4
66.a5 g3 67.Rf3 Rc1+ 68.Rf1 Ne2+ 69.Kg2 Nd4 70.Rxc1  1-0

[Event "6th TCh-CHN"]
[Site "Ningbo CHN"]
[Date "2010.04.18"]
[Round "3"]
[White "Ju Wenjun"]
[Black "Zhao Xue"]
[Result "1-0"]
[WhiteElo "2500"]
[BlackElo "2490"]

1.Nf3 Nf6 2.g3 b6 3.Bg2 c5 4.O-O Bb7 5.c4 e6 6.Nc3 a6 7.Re1 Ne4 8.Nxe4 Bxe4
9.d3 Bb7 10.b3 Be7 11.Bb2 O-O 12.d4 cxd4 13.Qxd4 Bf6 14.Qd2 Bxb2 15.Qxb2 Qc7
16.Red1 Rd8 17.Ne1 Bxg2 18.Nxg2 Nc6 19.Rac1 d6 20.Rd2 Ne7 21.Ne3 Kf8 22.Rcd1 Ng8
23.Qd4 Nf6 24.Qf4 Ne8 25.g4 h6 26.h4 Kg8 27.Qg3 Kh7 28.f4 b5 29.Rd4 bxc4
30.bxc4 Rab8 31.g5 h5 32.f5 exf5 33.Nxf5 Rb2 34.Qf3 Rdb8 35.Re4 Qc5+ 36.Kg2 g6
37.Rd5 Qa7 38.Ne7 Kg7 39.Nc6 Qc7 40.Nxb8 Rxb8 41.Qe3 Qc6 42.Qf3 Kf8 43.Rd3 Rc8
44.Rf4 Qd7 45.Rb3 Qe7 46.Qe4 Qe5 47.Rbf3 Qxe4 48.Rxe4 Ng7 49.Ref4 Rc7 50.Kh3 Ne6
51.Re4 Kg7 52.Ra3 Rc6 53.Kg3 Nc5 54.Re7 Kf8 55.Ra7 Ne6 56.Rf3 Nc7 57.Rb3 Ke7
58.Rb4 Kd7 59.Rab7 Rc5 60.Ra4 Kc6 61.Rb3 Re5 62.Rf3 Re7 63.Raa3 Kc5 64.Rae3 Ne6
65.Rxf7 Rxf7 66.Rxe6 Rg7 67.e4 a5 68.e5 dxe5 69.Rxe5+ Kxc4 70.Rxa5 Kd4 71.Ra6 Ke4
72.Re6+ Kf5 73.Rf6+ Ke5 74.a4 Rb7 75.a5 Rb4 76.Rxg6 Rb3+ 77.Kg2 Rb4 78.a6 Rxh4
79.Rg8 Ra4 80.Ra8 Rg4+ 81.Kh3  1-0